| 000 | 01263nam a2200325 i 4500 | ||
|---|---|---|---|
| 003 | EG-GICUC | ||
| 005 | 20260312193541.0 | ||
| 008 | 260309s2007 ua ||||fr|||| 000 0 ara d | ||
| 020 | _a978-92-9037-121-8 | ||
| 040 |
_a EG-GICUC _bara _c EG-GICUC _d EG-GICUC _erda |
||
| 041 | 0 | _aara | |
| 082 | 0 | 4 |
_221 _a341.511 _bم . ب |
| 092 | 0 | 4 | _221 |
| 099 | _aLaw1 11 2007 341,511 م ب | ||
| 100 | 0 |
_aاللجنة الدولية للحقوقيين ، _eمؤلف. |
|
| 245 | 1 | 2 |
_aالمبادئ الدولية المتعلقة باستقلال ومسؤولية القضاة، والمحامين، وممثلي النيابة العامة / _bدليل الممارسين . |
| 250 | _aالطبعة الأولى | ||
| 264 | 1 |
_aجنيف : _bاللجنة الدولية للحقوقيين ، _c٢٠٠٧ . |
|
| 300 |
_a205 ؛ صفحة _c24 سم |
||
| 336 |
_2rda content _atext |
||
| 337 |
_2rda media _aComputer |
||
| 338 |
_2rda carrier _aOnline Resource |
||
| 504 | _aيشتمل على ارجاعات ببليوجرافية | ||
| 546 | _aالنص باللغة العربية | ||
| 650 | 1 | 4 |
_aالمحاكم الدولية _2qrmak |
| 651 | 1 | _2qrmak | |
| 856 | 4 | 0 | _uhttps://fll.law.cu.edu.eg/fulltext/bks/B11-04230.pdf |
| 905 | _a76 | ||
| 942 |
_2ddc _cBK _e21 _n0 |
||
| 999 |
_c65907 _d65907 |
||